| 000 | 00703nam a2200193 a 4500 | ||
|---|---|---|---|
| 003 | 0 | ||
| 005 | 20250212155334.0 | ||
| 008 | 130129s19uu xx 00 eng d | ||
| 050 |
_aPHS ML 420.S529 _b.N482 2012 |
||
| 100 | _aNeufville, Jhon Paolo S. | ||
| 245 |
_aTupac Shakur : _bhow his music affected people / _cJhon Paolo S. Neufville. |
||
| 260 |
_aLas PiƱas City, Philippines : _bSouthville International School and Colleges, _c2012. |
||
| 300 |
_a36 pages : _bcolored illustrations ; _c28 cm. |
||
| 504 | _aIncludes bibliographical references. | ||
| 600 |
_aShakur, Tupac, _d1971-1996 _xInfluence. |
||
| 650 |
_aMusicians _xInfluence. |
||
| 650 |
_aRap (Music) _xSocial aspects. |
||
| 942 |
_2lcc _cPASS |
||
| 999 |
_c98874 _d98874 |
||